Statistics for Useless Geography Questions

Click here to take the quiz!

General Stats

  • This quiz has been taken 30 times
    (18 since last reset)
  • The average score is 11 of 23

Answer Stats

QuestionAnswer% Correct
What is the least densely populated country?Mongolia
93%
Which country has the tallest peopleNetherlands
93%
What is the most heavily militarized country?North Korea
93%
Which country has the most time zones?France
87%
What is the most obese country in the world?Nauru
87%
Which country has the most UNESCO Heritage Sites?Italy
80%
Which non-landlocked country has the shortest coastline?Monaco
80%
Which country has the highest capital in the world?Bolivia
60%
Which country has the world's oldest flag design?Denmark
60%
Which country has the shortest people.Indonesia
47%
What is the saddest country in the world?Central African Republic
40%
Which country has the highest coffee consumption?Finland
40%
What is the least visited country in the world?Tuvalu
40%
Which country has the most expensive internet?Ethiopia
27%
Which country has the highest valued currency?Kuwait
27%
Which country has the lowest highest point?The Maldives
27%
Which country has the highest amount of soldiers?Vietnam
27%
Which country has the highest smoking rate?Moldova
20%
Which country has the most rivers in the world?Bangladesh
13%
Which country has the most official languages?Zimbabwe
13%
Which country has the lowest life expectancy?Lesotho
7%
What is the most positive country in the world?Paraguay
7%
What is the least militarized country?The Gambia
7%

Score Distribution

Percentile by Number Answered

Percent of People with Each Score

Your Score History

You have not taken this quiz since the last reset